000 00563nam a22002051a 4500
001 3395
003 OSt
005 20260204211848.0
008 040831s2002||||mx ||||||b||||||||||spa||
020 _a970260335
050 _a909.8 L191h
082 _a909.8 L191h
100 _aLamoneda Huerta, Mireya
245 _aHistoria universal: Del hombre moderno al hombre contemporáneo / Mireya Lamoneda Huerta
264 _aMéxico : Pearson Educación
300 _a628 p
650 _a1.Historia Universal
700 _aRubio, María EulaliaÌ
942 _2ddc
_cBK
999 _c3395
_d3395